=LDR 00000nam 2200000 4500 =001 INLIS000000000058519 =005 20210929080759 =035 ##$$a 0010-0921000323 =007 ta =008 210929###########################0#ind## =020 ##$$a 978-602-60923-9-7 =082 ##$$a 899.221 3 =084 ##$$a 899.221 3 Mel k =245 1#$$a Ketika hati berkata cinta /$c Mela Sukma =300 ##$$a 220 halaman : $b Ilustrasi ; $c 20 cm =650 #4$$a Fiksi Indonesia =264 ##$$a jakarta :$b Cahaya Fiksi,$c 2017 =336 ##$$a teks$2 rdacontent =337 ##$$a lain-lain$2 rdamedia =338 ##$$a lain-lain$2 rdacarrier =990 ##$$a 12971297 =990 ##$$a 12971297